Statistiques concernant Culture Générale - Série 2040

Cliquez ici pour prendre le quiz!

Statistiques générales

  • Ce quiz a été pris 39 fois
  • Le résultat moyen est 4 sur 10

Statistiques - réponses

QuestionRéponse% Correct
De quel département Saint-Etienne est-elle la préfecture ?Loire
82%
Dans quel département français se trouve la commune de Collioure ?Pyrénées-Orientales
62%
De quel fleuve français la Baïse est-elle un affluent ?Garonne
59%
Avoir très soif, c'est avoir la .... 5 lettres commençant par " p "pépie
56%
Qui fut le 3° Président des Etats Unis ?Thomas Jefferson
33%
Dans quel pays africain se trouve le delta de l'Okavango ?Botswana
23%
Dans le roman d'Hector Malot "Sans famille", comment s'appelle le musicien ambulant qui acheta Rémi ?Vitalis
18%
Qui est "Le rapace" dans le film de José Giovanni de 1968 ?Lino Ventura
15%
Couche cireuse, glauque et légèrement poudreuse, qui recouvre la surface d'un organe, végétal ou animal, lui conférant un aspect givré ou poussiéreux, allant jusqu'à cacher sa coloration normale sous-jacente - voir photopruine
13%
Qui interprétait Ivanhoé dans la série télévisée du même nom en 1958 ?Roger Moore
13%

Distribution des résultats

Percentile par nombre de réponses

% des personnes avec chaque résultat

Votre développement - résultats

Vous n’avez pas pris ce quiz